| 000 | 01448 a2200325 4500 | ||
|---|---|---|---|
| 001 | 45050 | ||
| 005 | 20260407155725.0 | ||
| 008 | 260407a2011 arg spa d | ||
| 003 | AR-UNSa-BCEJYS | ||
| 040 |
_aAR-UNSa-BCEJYS _bspa _cAR-UNSa-BCEJYS |
||
| 080 |
_a677 _xIndustria Textil |
||
| 245 | 1 | 0 |
_aTrama productiva urbana y trabajo decente _pestrategias para la cadena productiva textil de indumentaria en áreas metropolitanas |
| 020 | _a978-92-2-325304-2 | ||
| 264 | 1 |
_aBuenos Aires : _bOIT _c2011 |
|
| 300 |
_a188 p. _c28 cm. |
||
| 505 | _a1. El análisis de una trama productiva con objetivos estratégicos. Aspectos introductorios – 2. El sector confeccionista textil argentino : su estado actual y su evolución en números – 3. La cadena textil de indumentaria en el nivel local – 4. El empleo en el sector textil de indumentaria – 5. Alternativas estratégicas para incrementar la competitividad de las MyPE textiles. | ||
| 041 | _aspa | ||
| 942 | _cBK | ||
| 590 | _aniveau_biblio:m niveau_hierar:0 | ||
| 100 | 1 | _aBeccani, Guillermo | |
| 700 | 1 | _aAndrés Matta, Cecilia Magnano | |
| 700 | 1 | _aBentolila, Cecilia | |
| 700 | 1 | _aDonadi, Luciano | |
| 700 | 1 | _aFogliacco, Martín | |
| 700 | 1 | _aMartinetti, Marcelo | |
| 700 | 1 | _aOrchansky, Carolina | |
| 700 | 1 | _aPerín, Hernán | |
| 700 | 1 | _aSuárez, Gabriel | |
| 856 | 4 | 1 |
_uhttps://www.biblioeco.unsa.edu.ar/pmb/images/libros/L127072.jpg _yImagen de portada _qimage/jpeg |
| 999 |
_c3901 _d3901 |
||